Effectiveness and Future Prospects of Telemedicine Applications in Pakistan / (Record no. 536499)

000 -LEADER
fixed length control field 00532nam a22001577a 4500
020 ## - INTERNATIONAL STANDARD BOOK NUMBER
Qualifying information Hard Cover.
082 ## - DEWEY DECIMAL CLASSIFICATION NUMBER
Classification number 620.005
100 ## - MAIN ENTRY--PERSONAL NAME
Personal name Raza Zaidi, Kumail
245 ## - TITLE STATEMENT
Title Effectiveness and Future Prospects of Telemedicine Applications in Pakistan /
Statement of responsibility, etc. Kumail Raza Zaidi
260 ## - PUBLICATION, DISTRIBUTION, ETC.
Place of publication, distribution, etc. Islamabad :
Name of publisher, distributor, etc. CEME - NUST,
Date of publication, distribution, etc. 2013.
300 ## - PHYSICAL DESCRIPTION
Extent 96 p. : ill. ;
Dimensions 30cm.
650 ## - SUBJECT ADDED ENTRY--TOPICAL TERM
Topical term or geographic name entry element Engineering Management-MS-Thesis
700 ## - ADDED ENTRY--PERSONAL NAME
Personal name Dr. Akhtar Nawaz Malik.
942 ## - ADDED ENTRY ELEMENTS (KOHA)
Source of classification or shelving scheme
Koha item type Thesis
650 ## - SUBJECT ADDED ENTRY--TOPICAL TERM
-- 16065
700 ## - ADDED ENTRY--PERSONAL NAME
-- 16099
Holdings
Withdrawn status Lost status Source of classification or shelving scheme Damaged status Not for loan Permanent Location Current Location Shelving location Date acquired Total Checkouts Full call number Barcode Date last seen Price effective from Koha item type
          Central Library (CL) Central Library (CL) Thesis 10/16/2020   620.005 CL-T-562 10/16/2020 10/16/2020 Thesis
© 2023 Central Library, National University of Sciences and Technology. All Rights Reserved.